| Tag |
First Indicator |
Second Indicator |
Subfields |
| LEADER |
00000cam a2200000 4500 |
| 001 |
in00000511448 |
| 005 |
20151013062204.0 |
| 008 |
720327s1971 nyua b 00100 eng |
| 010 |
|
|
|a 70151498
|
| 020 |
|
|
|a 0070364982
|
| 020 |
|
|
|a 0070364990 (pbk)
|
| 035 |
|
|
|a (OCoLC)00286119
|
| 035 |
|
|
|9 ACD2159AM
|
| 037 |
|
|
|c $5.95
|
| 040 |
|
|
|a DLC
|c DLC
|d TXA
|d UtOrBLW
|
| 043 |
|
|
|a ec-----
|a ew-----
|
| 049 |
|
|
|a TXAM
|c [1238475]
|
| 050 |
0 |
0 |
|a DD128
|b .L38 1971b
|
| 082 |
0 |
|
|a 914.3/03/1
|
| 100 |
1 |
|
|a Lasko, Peter.
|
| 245 |
1 |
4 |
|a The kingdom of the Franks :
|b north-west Europe before Charlemagne.
|
| 264 |
|
1 |
|a New York :
|b McGraw-Hill,
|c [1971]
|
| 300 |
|
|
|a 141 pages :
|b illustrations (part color) ;
|c 22 cm.
|
| 336 |
|
|
|a text
|b txt
|2 rdacontent
|
| 337 |
|
|
|a unmediated
|b n
|2 rdamedia
|
| 338 |
|
|
|a volume
|b nc
|2 rdacarrier
|
| 490 |
1 |
|
|a Library of medieval civilization
|
| 490 |
0 |
|
|a McGraw-Hill paperbacks
|
| 504 |
|
|
|a Bibliography: pages 131-132.
|
| 650 |
|
0 |
|a Germanic antiquities.
|
| 650 |
|
0 |
|a Franks
|x History
|y To 768.
|
| 650 |
|
0 |
|a Merovingians.
|
| 830 |
|
0 |
|a Library of medieval civilization.
|
| 999 |
|
|
|a MARS
|
| 999 |
f |
f |
|s 5e68aa5c-e4ec-3aef-9263-4467ca57d4ed
|i 0bf7723a-a119-320d-b2f8-8b05aca70647
|t 0
|
| 952 |
f |
f |
|p ric
|a Texas A&M University
|b Rellis Campus
|c Joint Library Facility
|d Remote Storage
|t 0
|e DD128 .L38 1971b
|h Library of Congress classification
|i unmediated -- volume
|m A14801971497
|
| 998 |
f |
f |
|a DD128 .L38 1971b
|t 0
|l Remote Storage
|